| 000 | 01708nam a2200349 c 4500 | ||
|---|---|---|---|
| 003 | BLK | ||
| 005 | 20180422102325.0 | ||
| 008 | 180408b bul|||||r ||||||| ||bul|| | ||
| 010 | _aKNG00064164000 | ||
| 040 | _aBLK | ||
| 041 |
_aBUL _cBUL |
||
| 080 |
_aСелскостопански машини и инструменти. Селскостопанско машиностроене _b631.3 _x.004.67(075.8) _z631.3.004.67(075.8) |
||
| 100 | 1 |
_aМитев, Иван Асенов _eпърви автор _9289536 |
|
| 700 | 1 |
_aНайденов, Николай Стефанов _eсъавт. _9368512 |
|
| 139 |
_aМитев, Иван Асенов и др. _bМ 70 |
||
| 245 | 1 | 0 |
_aТехнология на ремонта и поддържането на селскостопанската техника _bУчебник за студентите от спец. Комплексна механизация и поточни линии и сел. стопанство от ВТУ А.Кънчев-Русе _cИван Асенов Митев; съавт. Николай Стефанов Найденов. |
| 257 | _aBGR | ||
| 260 |
_аРусе _bВТУ Ангел Кънчев _c1987 |
||
| 300 |
_a301 с. _bс ил. _c22 см |
||
| 380 | _a63 | ||
| 500 | _aБиблиогр. с. 292-297 | ||
| 504 | _a292-297 | ||
| 650 | 4 |
_aСелскостопански машини и оръдия - ремонт и поддръжка _9289489 |
|
| 653 | _aселскостопанска техника | ||
| 653 | _aремонти | ||
| 653 | _aучебници за ВУЗ | ||
| 852 | _aЦб 155852 | ||
| 856 | 4 |
_qpdf _u |
|
| 856 | 4 |
_qpdf _u |
|
| 942 |
_cKNG _n0 |
||
| 944 |
_aCR _c13.06.2004 _kГеновева_Генчева |
||
| 944 |
_aED _c11.09.2006 _k |
||
| 999 |
_c60034 _d60034 |
||